[Event "Asian Juniors Chess Championship 2022"]
[Site "Knights Templar Hotel, Tagaytay City"]
[Date "2022.11.24"]
[Round "8"]
[Board "4"]
[White "Concio, Michael Jr."]
[Black "Sapenov, Daniyal"]
[Result "1-0"]
[WhiteElo "2343"]
[BlackElo "2324"]
[PlyCount "73"]
[EventDate "2022.11.19"]
[EventRounds "9"]
[EventCountry "ACF"]

1. c4 e5 2. Nc3 Bb4 3. g3 Bxc3 4. bxc3 Nc6 5. Bg2 Nge7 6. d4 d6 7. Nf3 O-O 8. O-O
f6 9. Ba3 Bg4 10. d5 Na5 11. Qa4 b6 12. c5 Bxf3 13. Bxf3 Nb7 14. c6 Nc5 15. Bxc5
bxc5 16. Rab1 Nc8 17. Rb7 Nb6 18. Qa6 f5 19. e4 g6 20. a4 c4 21. Bd1 Nc8 22. a5 Rf7
23. Qxc4 Qf6 24. Be2 Kg7 25. Kg2 fxe4 26. Qxe4 Ne7 27. Rxc7 Nxd5 28. Rxf7+ Qxf7 29.
Bc4 Nf6 30. Bxf7 Nxe4 31. Bd5 Nxc3 32. Be6 Kf6 33. Bh3 d5 34. c7 d4 35. c8=Q Rxc8
36. Bxc8 e4 37. Rc1  1-0

[Event "Asian Juniors Chess Championship 2022"]
[Site "Knights Templar Hotel, Tagaytay City"]
[Date "2022.11.24"]
[Round "8"]
[Board "5"]
[White "Utsab, Chatterjee"]
[Black "Dau, Khuong Duy"]
[Result "1-0"]
[WhiteElo "2349"]
[BlackElo "1993"]
[PlyCount "87"]
[EventDate "2022.11.19"]
[EventRounds "9"]
[EventCountry "ACF"]

1. e4 c5 2. Nf3 d6 3. d4 cxd4 4. Nxd4 Nf6 5. Nc3 g6 6. Be3 Bg7 7. f3 O-O 8. Qd2 Nc6
9. Bc4 Nxd4 10. Bxd4 Be6 11. Bb3 Qa5 12. O-O Nd7 13. Bxg7 Kxg7 14. f4 Rac8 15. Kh1
Qc5 16. Rae1 Rc7 17. Rf3 b5 18. f5 Bxb3 19. Rh3 h5 20. Rxh5 gxh5 21. Qg5+ Kh7 22.
Qxh5+ Kg7 23. Qg5+ Kh7 24. Re3 Qxe3 25. Qxe3 Bc4 26. Qh3+ Kg7 27. Qg4+ Kh7 28. Qh4+
Kg8 29. Qg5+ Kh8 30. Qxe7 f6 31. Qxd6 Rfc8 32. b3 Bf7 33. Nxb5 Rxc2 34. h3 Rg8 35.
g4 Re8 36. Qd1 Rb2 37. Nd6 Re7 38. g5 Ne5 39. g6 Bg8 40. Qc1 Kg7 41. Qxb2 Rd7 42.
Ne8+ Kf8 43. Nxf6 Rd1+ 44. Kg2  1-0

[Event "Asian Juniors Chess Championship 2022"]
[Site "Knights Templar Hotel, Tagaytay City"]
[Date "2022.11.24"]
[Round "8"]
[Board "6"]
[White "Quizon, Daniel"]
[Black "Tobing, Daniel Hermawan Lumban"]
[Result "0-1"]
[WhiteElo "2420"]
[BlackElo "2162"]
[PlyCount "188"]
[EventDate "2022.11.19"]
[EventRounds "9"]
[EventCountry "ACF"]

1. d4 Nf6 2. c4 g6 3. Nc3 Bg7 4. g3 O-O 5. Bg2 d6 6. Nf3 Nc6 7. O-O Bf5 8. d5 Na5
9. Nd4 Bd7 10. b3 c5 11. dxc6 Nxc6 12. Bb2 Nxd4 13. Qxd4 Bc6 14. Nd5 Bxd5 15. Bxd5
Ne8 16. Qd2 Bxb2 17. Qxb2 Qc7 18. h4 Nf6 19. Bf3 h5 20. Rac1 Rac8 21. Rfd1 Rfd8 22.
Rd2 b6 23. Rcd1 Qc5 24. e3 Qf5 25. Bg2 a5 26. e4 Nxe4 27. Re2 d5 28. Rd4 e6 29. Bxe4
dxe4 30. Rexe4 Qc5 31. Rd2 Qe7 32. Red4 Rxd4 33. Qxd4 Qc5 34. Qd7 Qc7 35. Qxc7 Rxc7
36. Rd8+ Kg7 37. Rb8 Rc6 38. Kf1 Kf6 39. Ke2 Rd6 40. Rb7 e5 41. Rc7 Ke6 42. c5 bxc5
43. Rxc5 Rd5 44. Rc6+ Kf5 45. Ra6 f6 46. Rc6 g5 47. Rc4 gxh4 48. Rxh4 Kg5 49. Rc4
f5 50. Ke3 e4 51. Rc8 Rd3+ 52. Ke2 Rd5 53. a4 Rd3 54. Rg8+ Kf6 55. Rb8 Kg5 56. Rg8+
Kf6 57. Rf8+ Kg5 58. Rb8 Rf3 59. Rb5 Kg4 60. Rb8 Kh3 61. Kf1 e3 62. Ke2 exf2 63.
Kf1 Kxg3 64. Rg8+ Kf4 65. Rb8 h4 66. Rh8 h3 67. Rh7 Rxb3 68. Kxf2 Rb2+ 69. Kg1 Kg3
70. Rg7+ Kf4 71. Rh7 Rb3 72. Ra7 Ra3 73. Kh2 Rxa4 74. Kxh3 Kf3 75. Rc7 Ra3 76. Rc4
f4 77. Kh4 Ke3 78. Rc8 Ra2 79. Kg4 Rg2+ 80. Kh3 Rg3+ 81. Kh2 Kf3 82. Rc5 a4 83. Ra5
Rg2+ 84. Kh1 Ra2 85. Kg1 Ra1+ 86. Kh2 a3 87. Ra4 Ra2+ 88. Kh3 Ke3 89. Ra8 Ra1 90.
Re8+ Kf3 91. Kh2 Rb1 92. Ra8 Rb2+ 93. Kh3 a2 94. Ra3+ Ke2  0-1

[Event "Asian Juniors Chess Championship 2022"]
[Site "Knights Templar Hotel, Tagaytay City"]
[Date "2022.11.24"]
[Round "8"]
[Board "7"]
[White "Raahul, V S"]
[Black "Dziththauly, Ramadhan"]
[Result "1-0"]
[WhiteElo "2311"]
[BlackElo "2194"]
[PlyCount "111"]
[EventDate "2022.11.19"]
[EventRounds "9"]
[EventCountry "ACF"]

1. b3 e5 2. Bb2 Nc6 3. c4 Nf6 4. e3 d5 5. cxd5 Nxd5 6. a3 Bd6 7. Qc2 O-O 8. Nf3 Qe7
9. d3 Bd7 10. g3 f5 11. Nbd2 f4 12. gxf4 exf4 13. e4 Ne3 14. Qc3 b5 15. Rg1 Rf7 16.
b4 a5 17. Ng5 Be5 18. Qb3 a4 19. Qxf7+ Qxf7 20. Nxf7 Bxb2 21. Ra2 Bxa3 22. fxe3 Bxb4
23. Nh6+ Kf8 24. Ke2 fxe3 25. Nf3 gxh6 26. Kxe3 a3 27. d4 Be6 28. Rf2 Ke7 29. Bxb5
Nd8 30. Rg7+ Nf7 31. d5 Bf5 32. Nd4 Bg6 33. Bc4 Bc5 34. Kd3 a2 35. Rxa2 Rxa2 36.
Bxa2 Bxd4 37. Kxd4 Kf8 38. Rxf7+ Kxf7 39. e5 Ke7 40. Kc5 Be8 41. Bb1 Bd7 42. Bxh7
c6 43. d6+ Ke6 44. Kd4 c5+ 45. Ke4 Bc6+ 46. Kf4 Bb5 47. Bf5+ Kf7 48. e6+ Kf6 49.
Ke4 Bc6+ 50. Kd3 Bd5 51. e7 Bc6 52. Bh3 Bb5+ 53. Kc3 h5 54. Bf1 c4 55. Bxc4 Be8 56.
Kd4  1-0

[Event "Asian Juniors Chess Championship 2022"]
[Site "Knights Templar Hotel, Tagaytay City"]
[Date "2022.11.24"]
[Round "8"]
[Board "8"]
[White "Carredo, Mar Aviel"]
[Black "Bacojo, Mark Jay"]
[Result "0-1"]
[WhiteElo "1555"]
[BlackElo "1949"]
[PlyCount "80"]
[EventDate "2022.11.19"]
[EventRounds "9"]
[EventCountry "ACF"]

1. e4 c5 2. Nf3 d6 3. d4 cxd4 4. Nxd4 Nf6 5. Nc3 g6 6. Be2 Bg7 7. O-O O-O 8. Nb3
Nc6 9. Be3 a6 10. Qd2 b5 11. f3 Bb7 12. Bh6 Bxh6 13. Qxh6 Rc8 14. Qe3 Ne5 15. Rac1
Qc7 16. Rfd1 b4 17. Nd5 Bxd5 18. exd5 a5 19. f4 Neg4 20. Bxg4 Nxg4 21. Qd4 a4 22.
Nd2 a3 23. bxa3 bxa3 24. h3 Nh6 25. c4 Rb8 26. Nb3 Rb4 27. g4 Rc8 28. Qe3 Rxc4 29.
Rxc4 Qxc4 30. Rc1 Qa6 31. Rxc8+ Qxc8 32. Qxe7 Qc2 33. g5 Qb1+ 34. Kf2 Qxa2+ 35. Kg1
Qb1+ 36. Kh2 Qb2+ 37. Kg1 Nf5 38. Qe8+ Kg7 39. Qa4 a2 40. h4 Ne3  0-1

[Event "Asian Juniors Chess Championship 2022"]
[Site "Knights Templar Hotel, Tagaytay City"]
[Date "2022.11.24"]
[Round "8"]
[Board "9"]
[White "Santiaguel, Jerico M."]
[Black "Avinash, Ramesh"]
[Result "0-1"]
[WhiteElo "1646"]
[BlackElo "2338"]
[PlyCount "116"]
[EventDate "2022.11.19"]
[EventRounds "9"]
[EventCountry "ACF"]

1. d4 Nf6 2. Nf3 g6 3. g3 Bg7 4. Bg2 O-O 5. O-O d5 6. b3 a5 7. a4 Ne4 8. Bb2 c5 9.
Qc1 Nc6 10. dxc5 e5 11. Nc3 Nxc3 12. Bxc3 e4 13. Bxg7 exf3 14. Bxf8 fxg2 15. Kxg2
Qxf8 16. Qe3 d4 17. Qd2 Qxc5 18. Rac1 Be6 19. c4 Rd8 20. Rfd1 Qh5 21. f3 d3 22. Qe3
Re8 23. g4 dxe2 24. Re1 Qe5 25. Rxe2 Qxe3 26. Rxe3 Rd8 27. Rce1 Kg7 28. Kf2 Kf6 29.
R1e2 Rd4 30. Re4 Rd3 31. R4e3 Rd7 32. Re1 Nb4 33. R1e2 Rd1 34. Kg3 Nd3 35. h4 h6
36. Rg2 g5 37. hxg5+ hxg5 38. Rge2 Nf4 39. Rb2 Bd7 40. Rh2 Bc6 41. Rh6+ Kg7 42. Rh2
Kg6 43. Rb2 Kf6 44. Rh2 Ng6 45. Rhe2 Nh4 46. Re1 Rd4 47. R1e2 Rf4 48. Rf2 Bxf3 49.
Rexf3 Rxf3+ 50. Rxf3+ Nxf3 51. Kxf3 Ke5 52. Ke3 f5 53. gxf5 Kxf5 54. Kd4 g4 55. Ke3
Ke5 56. Kf2 Kd4 57. Kg3 Kc3 58. Kxg4 Kxb3  0-1

[Event "Asian Juniors Chess Championship 2022"]
[Site "Knights Templar Hotel, Tagaytay City"]
[Date "2022.11.24"]
[Round "8"]
[Board "10"]
[White "Orozbaev, Eldiar"]
[Black "Okabe, Yuma"]
[Result "1-0"]
[WhiteElo "2324"]
[BlackElo "1769"]
[PlyCount "95"]
[EventDate "2022.11.19"]
[EventRounds "9"]
[EventCountry "ACF"]

1. e4 e5 2. Nc3 Nc6 3. g3 Nf6 4. Bg2 Bc5 5. d3 O-O 6. Be3 Nd4 7. Nf3 Re8 8. Qd2 c6
9. O-O d5 10. exd5 Nxd5 11. Nxd5 cxd5 12. Bxd4 exd4 13. b4 Bb6 14. Rfe1 Be6 15. Re2
Qd6 16. Rae1 Bd7 17. Ne5 Ba4 18. Qf4 Re7 19. Qf3 Rd8 20. Kf1 Rc7 21. Ng4 Qxb4 22.
Re5 Ba5 23. Nf6+ Kh8 24. Qf5 g6 25. Qh3 Kg7 26. Qxh7+ Kxf6 27. Bh3 Bd7 28. g4 Qxe1+
29. Rxe1 Bxe1 30. Qh4+ g5 31. Qh6+ Ke7 32. Qxg5+ f6 33. Qg7+ Ke8 34. Kxe1 Rc6 35.
Bg2 Re6+ 36. Kf1 Bc6 37. Bf3 Rdd6 38. h4 Re7 39. Qg6+ Kf8 40. h5 Rg7 41. Qf5 Rg5
42. Qc8+ Kf7 43. h6 Rg8 44. Qf5 Rh8 45. g5 Ke7 46. gxf6+ Rxf6 47. Qe5+ Kf7 48. Bh5+
 1-0

[Event "Asian Juniors Chess Championship 2022"]
[Site "Knights Templar Hotel, Tagaytay City"]
[Date "2022.11.24"]
[Round "8"]
[Board "12"]
[White "Paradero, Gabriel Ryan"]
[Black "Lacorte, Rafiel Irvin"]
[Result "1-0"]
[WhiteElo "1294"]
[BlackElo "1272"]
[PlyCount "71"]
[EventDate "2022.11.19"]
[EventRounds "9"]
[EventCountry "ACF"]

1. e4 c5 2. Nf3 g6 3. c4 Bg7 4. d4 cxd4 5. Nxd4 Nc6 6. Be3 d6 7. Nc3 Nf6 8. Be2 O-O
9. O-O Bd7 10. Qd2 Rc8 11. h3 a6 12. Rac1 Nxd4 13. Bxd4 Bc6 14. Rfe1 e5 15. Be3 Nxe4
16. Nxe4 Bxe4 17. Red1 d5 18. cxd5 Rxc1 19. Qxc1 Qa5 20. Qc4 Bf5 21. Bg4 b5 22. Qb3
Bxg4 23. hxg4 Qc7 24. d6 Qd7 25. Qd5 Qxg4 26. d7 Bf6 27. Bc5 Rb8 28. Bd6 Rb7 29.
Bxe5 Bd8 30. f3 Qe6 31. Qxb7 Qxe5 32. Qe4 Bb6+ 33. Kf1 Qxe4 34. d8=Q+ Bxd8 35. Rxd8+
Kg7 36. fxe4  1-0

[Event "Asian Juniors Chess Championship 2022"]
[Site "Knights Templar Hotel, Tagaytay City"]
[Date "2022.11.24"]
[Round "8"]
[Board "14"]
[White "Co, Ronell Jose"]
[Black "Buto, Al-Basher"]
[Result "0-1"]
[WhiteElo "1072"]
[BlackElo "1557"]
[PlyCount "118"]
[EventDate "2022.11.19"]
[EventRounds "9"]
[EventCountry "ACF"]

1. e4 e6 2. d4 d5 3. Nd2 c5 4. c3 Nc6 5. Ne2 cxd4 6. Nxd4 Nxd4 7. cxd4 dxe4 8. Nxe4
Be7 9. Be3 Nf6 10. Nc3 O-O 11. Bc4 a6 12. Rc1 b5 13. Bb3 Bb7 14. O-O Qd7 15. f3 Bc6
16. Qd2 a5 17. Rfd1 b4 18. Ne2 a4 19. Bc2 Bd5 20. b3 axb3 21. Bxb3 Bxb3 22. axb3
Nd5 23. Bf2 Qb5 24. Qc2 Bg5 25. Ra1 Rac8 26. Qe4 Be3 27. Bxe3 Qxe2 28. Bd2 Qb5 29.
Rac1 Ra8 30. Ra1 Ra3 31. g4 Rxb3 32. h4 Qd3 33. Kf2 Qxe4 34. fxe4 Nf6 35. Ra4 Nxe4+
36. Ke2 Rb2 37. Ke3 Nxd2 38. Rxd2 Rxd2 39. Kxd2 Rb8 40. Kc2 b3+ 41. Kb2 g6 42. Ra3
Rb4 43. Rxb3 Rxd4 44. Rg3 f5 45. gxf5 exf5 46. h5 Kf7 47. hxg6+ hxg6 48. Kc3 Rd6
49. Rd3 Rxd3+ 50. Kxd3 Ke6 51. Ke3 Ke5 52. Kf3 g5 53. Kg3 Ke4 54. Kf2 f4 55. Kg2
g4 56. Kf2 f3 57. Kf1 g3 58. Kg1 Ke3 59. Kf1 f2  0-1

[Event "Asian Juniors Chess Championship 2022"]
[Site "Knights Templar Hotel, Tagaytay City"]
[Date "2022.11.24"]
[Round "8"]
[Board "16"]
[White "Sarmiento, Cyle"]
[Black "De Asas, Aaron Francis"]
[Result "0-1"]
[WhiteElo "1258"]
[BlackElo "1380"]
[PlyCount "90"]
[EventDate "2022.11.19"]
[EventRounds "9"]
[EventCountry "ACF"]

1. e4 c5 2. Nf3 g6 3. c3 Bg7 4. d4 cxd4 5. cxd4 d6 6. Nc3 Nf6 7. Be2 O-O 8. O-O Bd7
9. Bg5 h6 10. Bf4 a6 11. a4 Nc6 12. e5 Nh5 13. Be3 Kh7 14. Nh4 dxe5 15. dxe5 Nxe5
16. Bxh5 gxh5 17. f4 Ng4 18. Qd3+ Kg8 19. Bd4 e5 20. fxe5 Qxh4 21. h3 Bxe5 22. Rae1
Rae8 23. Bxe5 Nxe5 24. Rxe5 Rxe5 25. Qxd7 Re1 26. Qd2 Rxf1+ 27. Kxf1 Qg5 28. Qf2
Qc1+ 29. Qe1 Qxe1+ 30. Kxe1 b5 31. b3 Rc8 32. Kd2 bxa4 33. Nxa4 Kg7 34. h4 Kg6 35.
Nc3 Kf5 36. Ne2 Kg4 37. g3 Rd8+ 38. Ke3 Re8+ 39. Kf2 Rxe2+ 40. Kxe2 Kxg3 41. Kf1
Kxh4 42. Kg2 Kg4 43. b4 Kf4 44. Kh3 Ke3 45. Kh4 f5  0-1

[Event "Asian Juniors Chess Championship 2022"]
[Site "Knights Templar Hotel, Tagaytay City"]
[Date "2022.11.25"]
[Round "9"]
[Board "1"]
[White "Harshavardhan, G B"]
[Black "Gan-Erdene, Sugar"]
[Result "1/2-1/2"]
[WhiteElo "2426"]
[BlackElo "2419"]
[PlyCount "61"]
[EventDate "2022.11.19"]
[EventRounds "9"]
[EventCountry "ACF"]

1. e4 c5 2. Nf3 d6 3. d4 cxd4 4. Nxd4 Nf6 5. Nc3 Nc6 6. Bg5 e6 7. Qd2 a6 8. O-O-O
Bd7 9. f4 b5 10. Bxf6 gxf6 11. Kb1 Qb6 12. Nxc6 Bxc6 13. f5 b4 14. Ne2 e5 15. Ng3
h5 16. h4 Qc5 17. b3 Ke7 18. Bc4 Bh6 19. Qe2 Be3 20. Nxh5 Bd4 21. g4 Bb5 22. g5 Bxc4
23. bxc4 fxg5 24. hxg5 Rhg8 25. Nf6 Rxg5 26. Nd5+ Kd7 27. Rh7 Rf8 28. Qd2 Rgg8 29.
Qh6 b3 30. cxb3 Qa3 31. Qc1  1/2-1/2

[Event "Asian Juniors Chess Championship 2022"]
[Site "Knights Templar Hotel, Tagaytay City"]
[Date "2022.11.25"]
[Round "9"]
[Board "2"]
[White "Concio, Michael Jr."]
[Black "Neelash, Saha"]
[Result "1-0"]
[WhiteElo "2343"]
[BlackElo "2436"]
[PlyCount "88"]
[EventDate "2022.11.19"]
[EventRounds "9"]
[EventCountry "ACF"]

1. c4 e6 2. Nc3 d5 3. d4 Nf6 4. Nf3 Be7 5. Bf4 O-O 6. e3 Nbd7 7. Be2 dxc4 8. Bxc4
c5 9. dxc5 Bxc5 10. a3 b6 11. Qd3 Bb7 12. Rd1 Qe7 13. Ba6 Bxa6 14. Qxa6 Rac8 15.
O-O e5 16. Bg5 Nb8 17. Qa4 Qe6 18. Qxa7 Ng4 19. h3 f6 20. hxg4 fxg5 21. Qa4 Be7 22.
Qe4 Bf6 23. Qd5 Qxd5 24. Nxd5 Rc4 25. Nxb6 Rxg4 26. g3 h5 27. Kg2 Bd8 28. Nxe5 Bxb6
29. Nxg4 hxg4 30. b4 Rf6 31. b5 Rf5 32. a4 Kf7 33. Rd3 Rc5 34. Rh1 Rc7 35. Rhd1 Ra7
36. Rd6 Bc5 37. Rd8 Rb7 38. R8d5 Bb6 39. Rxg5 Nd7 40. Rxg4 Nc5 41. Rd6 Nd7 42. Rdg6
Bc7 43. Rxg7+ Ke6 44. Re4+ Kd5  1-0

[Event "Asian Juniors Chess Championship 2022"]
[Site "Knights Templar Hotel, Tagaytay City"]
[Date "2022.11.25"]
[Round "9"]
[Board "3"]
[White "Hakemi, Arman"]
[Black "Utsab, Chatterjee"]
[Result "1/2-1/2"]
[WhiteElo "2412"]
[BlackElo "2349"]
[PlyCount "89"]
[EventDate "2022.11.19"]
[EventRounds "9"]
[EventCountry "ACF"]

1. e4 c5 2. Nf3 d6 3. d4 cxd4 4. Nxd4 Nf6 5. Nc3 a6 6. Bg5 Nbd7 7. f4 Qc7 8. Qf3
h6 9. Bxf6 Nxf6 10. f5 e5 11. fxe6 fxe6 12. g3 e5 13. Nf5 Be6 14. O-O-O O-O-O 15.
h4 Kb8 16. Ne3 Qc8 17. Be2 Be7 18. Ncd5 Nxd5 19. Nxd5 Bxd5 20. Rxd5 Rhf8 21. Qb3
Qc6 22. Bg4 g6 23. Be6 Rf2 24. Rd3 b5 25. Re1 Rdf8 26. a4 Rf1 27. Red1 Qxe4 28. axb5
a5 29. Qd5 Rxd1+ 30. Rxd1 Qxd5 31. Bxd5 Bd8 32. Be4 Rf6 33. Rd3 Bb6 34. Ra3 Kc7 35.
Kd1 g5 36. hxg5 hxg5 37. Rf3 Rxf3 38. Bxf3 Bf2 39. g4 Kb6 40. Ke2 Bg1 41. c4 Kc5
42. Kd3 Bd4 43. b3 Kb4 44. Bd1 Kc5 45. Ke4  1/2-1/2

[Event "Asian Juniors Chess Championship 2022"]
[Site "Knights Templar Hotel, Tagaytay City"]
[Date "2022.11.25"]
[Round "9"]
[Board "4"]
[White "Tobing, Daniel Hermawan Lumban"]
[Black "Labog, Eric Jr."]
[Result "0-1"]
[WhiteElo "2162"]
[BlackElo "2138"]
[PlyCount "104"]
[EventDate "2022.11.19"]
[EventRounds "9"]
[EventCountry "ACF"]

1. e4 c5 2. Nf3 d6 3. d4 cxd4 4. Nxd4 Nf6 5. Nc3 Nc6 6. Bg5 e6 7. Qd2 a6 8. O-O-O
Bd7 9. f3 Be7 10. h4 h6 11. Be3 h5 12. Bg5 Qc7 13. Nxc6 Bxc6 14. Kb1 Rd8 15. Ne2
O-O 16. Nd4 Bd7 17. Bd3 e5 18. Ne2 Be6 19. Nc3 Kh8 20. f4 exf4 21. Qxf4 Ng4 22. Bxe7
Qxe7 23. Be2 Qf6 24. Qxf6 Nxf6 25. Rd4 Rd7 26. Rhd1 Rfd8 27. a4 g6 28. Bf3 Kg7 29.
a5 Ng4 30. Bxg4 Bxg4 31. R1d2 Be6 32. Na4 Kf6 33. Nb6 Rc7 34. c4 Ke5 35. b4 f6 36.
Kb2 g5 37. c5 gxh4 38. cxd6 Rg7 39. R4d3 Rg3 40. Rxg3 hxg3 41. d7 h4 42. Rd3 h3 43.
gxh3 g2 44. Rg3 Bxh3 45. Kc3 Kf4 46. Rg6 Bg4 47. Nd5+ Kf3 48. Rxf6+ Kg3 49. Rg6 g1=Q
50. Nf6 Qc1+ 51. Kb3 Qd1+ 52. Kc3 Rxd7  0-1

[Event "Asian Juniors Chess Championship 2022"]
[Site "Knights Templar Hotel, Tagaytay City"]
[Date "2022.11.25"]
[Round "9"]
[Board "5"]
[White "Daluz, Christian Mark"]
[Black "Raahul, V S"]
[Result "0-1"]
[WhiteElo "2010"]
[BlackElo "2311"]
[PlyCount "112"]
[EventDate "2022.11.19"]
[EventRounds "9"]
[EventCountry "ACF"]

1. e4 e6 2. d4 d5 3. Nc3 Nf6 4. Bg5 Be7 5. e5 Ne4 6. Bxe7 Nxc3 7. bxc3 Qxe7 8. a4
c5 9. Qb1 Nc6 10. Nf3 c4 11. g3 b6 12. Bg2 Bd7 13. O-O O-O-O 14. Qb5 Kc7 15. Rfb1
Rb8 16. Qb2 Rb7 17. h4 Rhb8 18. Nd2 a6 19. Qc1 Na7 20. Nf1 Bc6 21. h5 b5 22. axb5
Nxb5 23. Qd2 Rb6 24. Ne3 Ra8 25. Ra5 Kb7 26. f4 Rg8 27. Raa1 f5 28. exf6 gxf6 29.
Qe1 Qf7 30. g4 f5 31. g5 Qc7 32. Rxb5 Rxb5 33. Qf2 a5 34. h6 a4 35. Kf1 Qd6 36. Ke2
a3 37. Qf3 Rb2 38. Kd2 Rb6 39. Bh3 Ra6 40. Ra2 Kc7 41. Bf1 Ra7 42. Qh5 Kc8 43. Qf3
Kc7 44. Qh5 Be8 45. Qf3 Bg6 46. Bg2 Rb8 47. Nd1 Rb1 48. Qe3 Rab7 49. Qe5 Qxe5 50.
dxe5 Bh5 51. Ne3 Ra7 52. Bf1 Kc6 53. Be2 Bxe2 54. Kxe2 Rb2 55. Ra1 a2 56. Kd2 Rb1
 0-1

[Event "Asian Juniors Chess Championship 2022"]
[Site "Knights Templar Hotel, Tagaytay City"]
[Date "2022.11.25"]
[Round "9"]
[Board "6"]
[White "Avinash, Ramesh"]
[Black "Bacojo, Mark Jay"]
[Result "1/2-1/2"]
[WhiteElo "2338"]
[BlackElo "1949"]
[PlyCount "201"]
[EventDate "2022.11.19"]
[EventRounds "9"]
[EventCountry "ACF"]

1. e4 d5 2. exd5 Qxd5 3. Nc3 Qd6 4. d4 Nf6 5. Nf3 a6 6. h3 Bf5 7. Bd3 Bxd3 8. Qxd3
Nc6 9. O-O e6 10. Re1 h6 11. Ne4 Nxe4 12. Qxe4 O-O-O 13. c3 Qd5 14. Qe2 Bd6 15. b4
Qb5 16. Qxb5 axb5 17. a4 bxa4 18. b5 Ne7 19. Rxa4 Nd5 20. Ra8+ Kd7 21. Rxd8+ Rxd8
22. c4 Nf6 23. c5 Be7 24. Bb2 Ra8 25. Ra1 Rxa1+ 26. Bxa1 Nd5 27. g3 Bf6 28. Kf1 g6
29. Ke2 h5 30. h4 Kd8 31. Kd3 Kd7 32. Kc4 c6 33. b6 Ke8 34. Bb2 Ke7 35. Bc1 Kd7 36.
Bd2 Ke8 37. Kd3 Kd7 38. Ke4 Bg7 39. Bf4 Nb4 40. Ke3 Nd5+ 41. Kd3 Bf6 42. Bc1 Nb4+
43. Kc4 Nd5 44. Bb2 Kd8 45. Nd2 Be7 46. Ne4 Nf6 47. Ng5 Ke8 48. Bc1 Ng4 49. Nh3 Nf6
50. Bg5 Ne4 51. Bxe7 Kxe7 52. Kd3 f5 53. f3 Nf6 54. Nf4 Kf7 55. Ke2 Nd7 56. Nd3 Kf6
57. f4 Ke7 58. Kf3 Ke8 59. Nb2 Kd8 60. Nc4 Kc8 61. Kf2 Kb8 62. Ne5 Nf8 63. Ke2 Kc8
64. Kd2 Kd8 65. Nf7+ Kc8 66. Ke3 Nd7 67. Ne5 Nf8 68. Kd3 Kd8 69. Kc3 Kc8 70. Kb4
Kd8 71. Ka4 Kc8 72. Ka5 Kd8 73. Nxc6+ bxc6 74. Ka6 Kc8 75. b7+ Kc7 76. b8=Q+ Kxb8
77. Kb6 Kc8 78. Kxc6 Nd7 79. Kd6 Nf6 80. Kxe6 Ne4 81. c6 Kd8 82. d5 Kc7 83. Ke7 Nd6
84. Kf6 Ne4+ 85. Kxg6 Nxg3 86. Kg5 Kd6 87. Kf6 Ne4+ 88. Kxf5 Kxd5 89. c7 Nd6+ 90.
Kg6 Kc6 91. c8=R+ Nxc8 92. Kxh5 Kd7 93. Kg6 Ke8 94. Kg7 Nd6 95. h5 Ke7 96. Kg6 Kf8
97. f5 Nxf5 98. Kxf5 Kg8 99. h6 Kh8 100. h7 Kxh7 101. Ke4  1/2-1/2

[Event "Asian Juniors Chess Championship 2022"]
[Site "Knights Templar Hotel, Tagaytay City"]
[Date "2022.11.25"]
[Round "9"]
[Board "7"]
[White "Sapenov, Daniyal"]
[Black "Orozbaev, Eldiar"]
[Result "1-0"]
[WhiteElo "2324"]
[BlackElo "2324"]
[PlyCount "77"]
[EventDate "2022.11.19"]
[EventRounds "9"]
[EventCountry "ACF"]

1. d4 Nf6 2. c4 e6 3. Nf3 c5 4. d5 b5 5. e4 Nxe4 6. Bd3 Nf6 7. Nc3 exd5 8. cxd5 c4
9. O-O d6 10. Bb1 a6 11. Re1+ Be7 12. Qe2 Bg4 13. a4 Bxf3 14. Qxf3 bxa4 15. Qe3 Nbd7
16. Bc2 Nc5 17. Nxa4 Nxd5 18. Qg5 Nb4 19. Qxg7 Nxc2 20. Nxc5 dxc5 21. Qxh8+ Kd7 22.
Rd1+ Nd4 23. Qxh7 Kc6 24. Qe4+ Qd5 25. Rxd4 cxd4 26. Qxe7 Qe6 27. Qb4 Qd5 28. Bf4
a5 29. Qd2 Kb5 30. Bg3 a4 31. Re1 a3 32. bxa3 Rxa3 33. h3 c3 34. Qd3+ Kb4 35. Be5
Kc5 36. Bf6 Ra2 37. Re5 Rd2 38. Rxd5+ Kxd5 39. Qb5+  1-0

[Event "Asian Juniors Chess Championship 2022"]
[Site "Knights Templar Hotel, Tagaytay City"]
[Date "2022.11.25"]
[Round "9"]
[Board "8"]
[White "Fernanda, Agus Saputra"]
[Black "Quizon, Daniel"]
[Result "1/2-1/2"]
[WhiteElo "2007"]
[BlackElo "2420"]
[PlyCount "44"]
[EventDate "2022.11.19"]
[EventRounds "9"]
[EventCountry "ACF"]

1. d4 Nf6 2. Bg5 Ne4 3. Bf4 d5 4. e3 g6 5. Nd2 Nxd2 6. Qxd2 Bg7 7. Nf3 O-O 8. Bd3
c5 9. c3 Nc6 10. h3 f6 11. Bh2 e5 12. dxe5 fxe5 13. e4 Bxh3 14. gxh3 Rxf3 15. Be2
Rf8 16. exd5 Ne7 17. d6 Nf5 18. Qd5+ Kh8 19. O-O-O Qf6 20. Bg4 Rad8 21. d7 h5 22.
Be2 b6  1/2-1/2

[Event "Asian Juniors Chess Championship 2022"]
[Site "Knights Templar Hotel, Tagaytay City"]
[Date "2022.11.25"]
[Round "9"]
[Board "9"]
[White "Dziththauly, Ramadhan"]
[Black "Carredo, Mar Aviel"]
[Result "1-0"]
[WhiteElo "2194"]
[BlackElo "1555"]
[PlyCount "67"]
[EventDate "2022.11.19"]
[EventRounds "9"]
[EventCountry "ACF"]

1. d4 e6 2. c4 d5 3. cxd5 exd5 4. Nc3 c6 5. Qc2 Nf6 6. Bg5 Be7 7. e3 Be6 8. Bd3 Nbd7
9. Nge2 h6 10. Bh4 Nb6 11. O-O O-O 12. Rad1 Rc8 13. f3 c5 14. Qd2 Re8 15. Kh1 a6
16. b3 cxd4 17. Nxd4 Bb4 18. Rc1 Bd7 19. Bb1 Qe7 20. Bf2 Qc5 21. Nde2 Qe7 22. e4
Na8 23. Bd4 Bb5 24. e5 Bxe2 25. exf6 Qd7 26. fxg7 Rc6 27. Rfe1 Bb5 28. a4 Bxc3 29.
Bxc3 d4 30. Qxd4 Rxc3 31. Rxe8+ Qxe8 32. Qxc3 Bc6 33. Qd3 Kxg7 34. Qh7+  1-0

[Event "Asian Juniors Chess Championship 2022"]
[Site "Knights Templar Hotel, Tagaytay City"]
[Date "2022.11.25"]
[Round "9"]
[Board "10"]
[White "Dau, Khuong Duy"]
[Black "Santiaguel, Jerico M."]
[Result "1-0"]
[WhiteElo "1993"]
[BlackElo "1646"]
[PlyCount "75"]
[EventDate "2022.11.19"]
[EventRounds "9"]
[EventCountry "ACF"]

1. e4 c6 2. d4 d5 3. e5 Bf5 4. h4 h5 5. c4 dxc4 6. Bxc4 e6 7. Nc3 Ne7 8. Bg5 Qb6
9. Qd2 Nd5 10. Nge2 Nxc3 11. bxc3 Ba3 12. Bb3 a5 13. O-O Qb5 14. Ng3 Bg6 15. f4 Qd3
16. Qxd3 Bxd3 17. Rf3 Bf5 18. Nxf5 exf5 19. Bc2 g6 20. c4 Be7 21. Rb1 Bxg5 22. hxg5
b5 23. cxb5 cxb5 24. Rc3 O-O 25. Rxb5 Nd7 26. Rc7 Rfc8 27. Rxc8+ Rxc8 28. Bb3 a4
29. Bxa4 Rc4 30. Bb3 Rxd4 31. Rd5 Rxd5 32. Bxd5 Nc5 33. Kf2 h4 34. Ke3 Kf8 35. Kd4
Na4 36. Bb3 Nb6 37. a4 Ke7 38. a5  1-0

[Event "Asian Juniors Chess Championship 2022"]
[Site "Knights Templar Hotel, Tagaytay City"]
[Date "2022.11.25"]
[Round "9"]
[Board "12"]
[White "Limpangog, Aaron"]
[Black "Paradero, Gabriel Ryan"]
[Result "1/2-1/2"]
[WhiteElo "1292"]
[BlackElo "1294"]
[PlyCount "109"]
[EventDate "2022.11.19"]
[EventRounds "9"]
[EventCountry "ACF"]

1. e4 g6 2. d4 Bg7 3. Nc3 c5 4. Nf3 cxd4 5. Nxd4 Nc6 6. Be3 Nf6 7. Be2 O-O 8. O-O
d5 9. exd5 Nxd5 10. Nxd5 Nxd4 11. Bxd4 Qxd5 12. Bxg7 Qxd1 13. Raxd1 Kxg7 14. Bf3
Be6 15. Rd4 Rac8 16. c3 Rc7 17. Rfd1 b6 18. Bd5 Bxd5 19. Rxd5 Rfc8 20. f3 e6 21.
Rd7 Kf8 22. Kf2 Ke8 23. R7d6 Rc6 24. R6d4 Rc5 25. Ke3 Re5+ 26. Re4 Rxe4+ 27. Kxe4
Rc4+ 28. Rd4 Rc5 29. h4 f5+ 30. Kd3 Rb5 31. Rb4 Rxb4 32. cxb4 Kd7 33. Kd4 Kd6 34.
f4 h6 35. a4 a6 36. b5 axb5 37. axb5 g5 38. g3 e5+ 39. fxe5+ Ke6 40. b3 Kf7 41. Kd5
Ke7 42. h5 Kd7 43. e6+ Ke7 44. Ke5 f4 45. gxf4 g4 46. f5 g3 47. f6+ Kf8 48. Kd6 g2
49. e7+ Ke8 50. f7+ Kxf7 51. Kd7 g1=Q 52. e8=Q+ Kg7 53. Qe7+ Kh8 54. Qf6+ Kh7 55.
Qf7+  1/2-1/2